New World Crops Quiz Stats

Quiz not verified by Sporcle

Challenge
Share
Tweet
Embed
Score 0/23 Timer 03:00
0 Plays Today
% Correct
Corn (Maize)
91.5%
Avocado
84.2%
Chocolate (Cacao)
83%
Tobacco
81.8%
Potato
77.3%
Bean, Lima
76.4%
Sweet Potato
75.9%
Peanut
75.6%
Quinoa
73%
Pepper, Chili
72.8%
Pepper, Bell
72.3%
Squash, Summer
67.8%
% Correct
Tomato
67.8%
Cassava (Manioc; Tapioca)
67.6%
Bean, Common or Green (Butter, Runner, Snap, String, etc.)
67.1%
Pecan
65.3%
Papaya
62%
Squash, Winter
61.7%
Pineapple
59.6%
Sunflower
57.4%
Blueberry
55.5%
Raspberry, Black
51.1%
Vanilla
44.4%

You're not logged in!

Compare scores with friends on all Sporcle quizzes.
Sign Up with Email
OR
Log In

You Might Also Like...

Show Comments

Extras

Top Quizzes Today


Score Distribution

Your Account Isn't Verified!

In order to create a playlist on Sporcle, you need to verify the email address you used during registration. Go to your Sporcle Settings to finish the process.

Report this User

Report this user for behavior that violates our Community Guidelines.

Details: